Shot Put World Leads by Year - Statistics

General Stats
  • This quiz has been taken 25 times
  • The average score is 19 of 100
Answer Stats
Year Answer Result Country % Correct
2017 Ryan Crouser 22.65 United States
82%
2016 Ryan Crouser 22.52 United States
82%
2015 Joe Kovacs 22.56 United States
71%
2014 Joe Kovacs 22.03 United States
71%
1997 Randy Barnes 22.03 United States
59%
1996 Randy Barnes 22.40 United States
59%
1990 Randy Barnes 23.12 United States
59%
1975 Marianne Adam 21.60 East Germany
41%
2008 Adam Nelson 22.12 United States
35%
2002 Adam Nelson 22.51 United States
35%
2000 Adam Nelson 22.12 United States
35%
2007 Reese Hoffa 22.43 United States
35%
1989 Ulf Timmermann 22.19 East Germany
35%
1988 Ulf Timmermann 23.06 East Germany
35%
1985 Ulf Timmermann 22.62 East Germany
35%
2014 Valerie Adams 20.59 New Zealand
35%
2013 Valerie Adams 20.90 New Zealand
35%
2011 Valerie Adams 21.24 New Zealand
35%
2009 Valerie Adams 21.07 New Zealand
35%
2007 Valerie Adams 20.54 New Zealand
35%
2006 Valerie Adams 20.20 New Zealand
35%
1993 Werner Günthör 21.98 Switzerland
35%
1991 Werner Günthör 22.03 Switzerland
35%
2012 Christian Cantwell 22.31 United States
29%
2010 Christian Cantwell 22.41 United States
29%
2009 Christian Cantwell 22.16 United States
29%
2006 Christian Cantwell 22.45 United States
29%
2004 Christian Cantwell 22.54 United States
29%
1987 Alessandro Andrei 22.91 Italy
24%
2015 Christina Schwanitz 20.77 Germany
24%
2016 Michelle Carter 20.63 United States
24%
1986 Udo Beyer 22.64 East Germany
24%
1983 Udo Beyer 22.22 East Germany
24%
1980 Udo Beyer 21.98 East Germany
24%
1979 Udo Beyer 21.74 East Germany
24%
1978 Udo Beyer 22.15 East Germany
24%
1977 Udo Beyer 21.74 East Germany
24%
2011 Dylan Armstrong 22.21 Canada
18%
2005 John Godina 22.20 United States
18%
1999 John Godina 22.02 United States
18%
1998 John Godina 21.78 United States
18%
1995 John Godina 22.00 United States
18%
2012 Nadezhda Ostapchuk 21.58 Belarus
18%
2010 Nadezhda Ostapchuk 20.95 Belarus
18%
2008 Nadezhda Ostapchuk 20.98 Belarus
18%
2005 Nadezhda Ostapchuk 21.09 Belarus
18%
2013 Ryan Whiting 22.28 United States
18%
1977 Helena Fibingerova 22.32 Czechoslovakia
12%
1976 Helena Fibingerova 21.99 Czechoslovakia
12%
1974 Helena Fibingerova 21.57 Czechoslovakia
12%
2003 Kevin Toth 22.67 United States
12%
1991 Natalya Lisovskaya 21.12 Soviet Union
12%
1988 Natalya Lisovskaya 22.55 Soviet Union
12%
1987 Natalya Lisovskaya 22.63 Soviet Union
12%
1986 Natalya Lisovskaya 21.70 Soviet Union
12%
1985 Natalya Lisovskaya 21.73 Soviet Union
12%
1984 Natalya Lisovskaya 22.53 Soviet Union
12%
2017 Raven Saunders 19.76 United States
12%
1974 Aleksandr Baryshnikov 21.70 Soviet Union
6%
1973 Al Feuerbach 21.82 United States
6%
1984 Brian Oldfield 22.19 United States
6%
1981 Brian Oldfield 22.02 United States
6%
1976 Brian Oldfield 22.45 United States
6%
1975 Brian Oldfield 22.86 United States
6%
1982 Dave Laut 22.02 United States
6%
1983 Ilona Slupianek 22.40 East Germany
6%
1982 Ilona Slupianek 21.80 East Germany
6%
1981 Ilona Slupianek 21.61 East Germany
6%
1980 Ilona Slupianek 22.45 East Germany
6%
1979 Ilona Slupianek 22.04 East Germany
6%
1978 Ilona Slupianek 22.06 East Germany
6%
2001 Janus Roberts 21.97 South Africa
6%
2001 Larisa Peleshenko 20.79 Russia
6%
2000 Larisa Peleshenko 21.46 Russia
6%
1970 Randy Matson 21.75 United States
6%
1968 Randy Matson 21.30 United States
6%
1967 Randy Matson 21.78 United States
6%
1966 Randy Matson 21.09 United States
6%
1965 Randy Matson 21.52 United States
6%
1994 Sui Xinmei 20.74 China
6%
1990 Sui Xinmei 21.66 China
6%
2003 Svetlana Krivelyova 20.77 Russia
6%
1999 Svetlana Krivelyova 20.26 Russia
6%
1993 Svetlana Krivelyova 20.84 Russia
6%
1992 Svetlana Krivelyova 21.06 Russia
6%
1998 Viktoriya Pavlysh 21.69 Ukraine
6%
1997 Astrid Kumbernuß 21.22 Germany
0%
1996 Astrid Kumbernuß 20.97 Germany
0%
1995 Astrid Kumbernuß 21.22 Germany
0%
1992 Gregg Tafralis 21.98 United States
0%
1972 Hartmut Briesenick 21.54 East Germany
0%
1989 Heike Hartwig 20.78 Germany
0%
1971 Heinz-Joachim Rothenburg 21.12 East Germany
0%
2004 Irina Korzhanenko 20.79 Russia
0%
2002 Irina Korzhanenko 20.64 Russia
0%
1994 Jim Doehring 21.09 United States
0%
1973 Nadezhda Chizhova 21.45 Soviet Union
0%
1972 Nadezhda Chizhova 21.03 Soviet Union
0%
1971 Nadezhda Chizhova 20.43 Soviet Union
0%
1969 Nadezhda Chizhova 20.43 Soviet Union
0%
No matching quizzes found
Score Distribution
Percent of People with Each Score
Percentile by Number Answered
Your Score History
You have not taken this quiz